[Event "World Open"]
[Site "Philadelphia, PA USA"]
[Date "1989.??.??"]
[Round "2"]
[White "Bisguier, Arthur B"]
[Black "Dlugy, Maxim"]
[Result "0-1"]
[WhiteElo "2405"]
[BlackElo "2570"]
[PlyCount "90"]
[EventDate "1989.06.??"]
[Source "www.chesslib.no"]
[SourceDate "2004.05.04"]

1. d4 d5 2. Nf3 c5 3. c3 e6 4. Bf4 Nc6 5. e3 Bd6 6. Bg3 Nf6 7. Nbd2 Bxg3 8. hxg3 Qd6 9. Bd3 e5 10. dxe5 Nxe5 11. Nxe5 Qxe5 12. Bb5+ Ke7 13. Nf3 Qc7 14. Bd3 Bd7 15. Qc2 h6 16. O-O Rhe8 17. e4 dxe4 18. Bxe4 Kf8 19. Bd3 Be6 20. Rfe1 Bd5 21. Qa4 a6 22. Rxe8+ Rxe8 23. Rd1 Qc6 24. Qxc6 Bxc6 25. Nd2 Ba4 26. b3 Rd8 27. Nf1 c4 28. Bc2 Rxd1 29. Bxd1 cxb3 30. axb3 Bc6 31. Bf3 Bxf3 32. gxf3 b5 33. Ne3 a5 34. Kf1 a4 35. bxa4 bxa4 36. Ke2 a3 37. Nc2 a2 38. Kd2 h5 39. Kc1 g5 40. Kb2 Nd5 41. c4 h4 42. gxh4 gxh4 43. Nd4 h3 44. Nf5 h2 45. Ng3 Nb4 0-1

[Event "Linz op 10th"]
[Site "?"]
[Date "1999.??.??"]
[Round "?"]
[White "Teske Henrik"]
[Black "Krizsany Laszlo"]
[Result "1-0"]
[WhiteElo "2500"]
[BlackElo "2462"]
[PlyCount "63"]
[EventDate "1999.??.??"]
[Source "www.chesslib.no"]
[SourceDate "2004.05.04"]

1. d4 d5 2. Nf3 c5 3. dxc5 Qa5+ 4. Nbd2 Nf6 5. e3 e6 6. c4 Bxc5 7. cxd5 exd5 8. Be2 Nc6 9. O-O Be7 10. a3 O-O 11. b4 Qb6 12. Bb2 Bg4 13. Nd4 Bxe2 14. Qxe2 Nxd4 15. Bxd4 Qe6 16. Rfc1 b6 17. Rc7 Rfc8 18. Rac1 Bd8 19. R7c3 Rxc3 20. Rxc3 Rc8 21. Qa6 Rxc3 22. Bxc3 Ne4 23. Nxe4 Qxe4 24. h3 Qe7 25. Qb5 Qe6 26. Qa4 h6 27. Qxa7 Kh7 28. Qb8 Qd7 29. Qf4 Qc6 30. Qd4 f6 31. Qd3+ Kg8 32. e4 1-0

[Event "Hoogovens-B"]
[Site "Wijk aan Zee NED"]
[Date "1986.01.??"]
[Round "3"]
[White "Piket, Jeroen"]
[Black "Garcia Palermo, Carlos H"]
[Result "1/2-1/2"]
[WhiteElo "2410"]
[BlackElo "2550"]
[PlyCount "41"]
[EventDate "1986.01.??"]
[Source "www.chesslib.no"]
[SourceDate "2004.05.04"]

1. d4 d5 2. Nf3 c5 3. dxc5 e6 4. e4 Bxc5 5. exd5 exd5 6. Bb5+ Nc6 7. O-O Nge7 8. Nbd2 O-O 9. Nb3 Bd6 10. h3 Bf5 11. Re1 Rc8 12. c3 Bb8 13. Bd3 Qd6 14. Bg5 f6 15. Bh4 Bxd3 16. Qxd3 Ng6 17. Bg3 Nce5 18. Qf5 Qa6 19. Nfd4 Rfe8 20. Rad1 Ne7 21. Qb1 1/2-1/2

[Event "Budapest FS07 GM"]
[Site "Budapest HUN"]
[Date "1995.??.??"]
[Round "?"]
[White "Csom, Istvan"]
[Black "Gyimesi, Zoltan"]
[Result "0-1"]
[WhiteElo "2455"]
[BlackElo "2500"]
[PlyCount "67"]
[EventDate "1995.07.??"]
[Source "www.chesslib.no"]
[SourceDate "2004.05.04"]

1. d4 d5 2. Nf3 c5 3. g3 cxd4 4. Bg2 Qa5+ 5. Kf1 Nf6 6. Nxd4 Nc6 7. Nb3 Qd8 8. Bg5 e6 9. c4 Be7 10. cxd5 Nxd5 11. Bd2 O-O 12. Nc3 Nxc3 13. Bxc3 Qb6 14. Qd3 e5 15. Qe3 Qa6 16. Be4 Bh3+ 17. Ke1 Rad8 18. Bd3 Nb4 19. Bxb4 Bxb4+ 20. Nd2 Qc6 21. f3 Bg2 22. Rf1 Bxf1 23. Kxf1 Bxd2 24. Qxd2 e4 25. fxe4 Qxe4 26. Bxe4 Rxd2 27. Bxb7 Rb8 28. Ba6 Rdxb2 29. a4 Rb1+ 30. Rxb1 Rxb1+ 31. Kf2 Kf8 32. Bb5 Ke7 33. h4 h6 34. h5 0-1

[Event "Hoogovens-B"]
[Site "Wijk aan Zee"]
[Date "1991.??.??"]
[Round "1"]
[White "Kuijf, Marinus"]
[Black "Cifuentes Parada, Roberto"]
[Result "1/2-1/2"]
[WhiteElo "2440"]
[BlackElo "2510"]
[PlyCount "41"]
[EventDate "1991.01.??"]
[Source "ChessBase"]

1. d4 d5 2. Nf3 c5 3. dxc5 Nf6 4. c4 e6 5. Nc3 Bxc5 6. cxd5 exd5 7. e3 O-O 8. Be2 Nc6 9. O-O a6 10. b3 d4 11. exd4 Nxd4 12. Nxd4 Bxd4 13. Bb2 Bf5 14. Bf3 Ne4 15. Rc1 Nxc3 16. Bxc3 Bxc3 17. Rxc3 Qa5 18. Qa1 Rac8 19. Rxc8 Rxc8 20. Rd1 Rd8 21. Rxd8+ 1/2-1/2

[Event "CRO-Cup"]
[Site "Pula CRO"]
[Date "1995.??.??"]
[Round "2"]
[White "Samovojska, Damir"]
[Black "Lalic, Bogdan"]
[Result "1/2-1/2"]
[WhiteElo "2360"]
[BlackElo "2590"]
[PlyCount "23"]
[EventDate "1995.??.??"]
[Source "www.chesslib.no"]
[SourceDate "2004.05.04"]

1. d4 d5 2. Nf3 c5 3. c3 Nc6 4. dxc5 e6 5. b4 a5 6. b5 Nb8 7. Ba3 Nf6 8. c4 Ne4 9. Qd4 Be7 10. Ne5 Bf6 11. f4 g5 12. Nd2 1/2-1/2

[Event "RUS ch URS s"]
[Site "Irkutsk RUS ch URS s"]
[Date "1983.??.??"]
[Round "?"]
[White "Chernin, Alexander M"]
[Black "Lputian, Smbat G"]
[Result "1/2-1/2"]
[WhiteElo "2455"]
[BlackElo "2495"]
[PlyCount "35"]
[EventDate "1983.??.??"]
[Source "www.chesslib.no"]
[SourceDate "2004.05.04"]

1. d4 d5 2. Nf3 c5 3. dxc5 e6 4. a3 Bxc5 5. c4 Nf6 6. b4 Be7 7. e3 O-O 8. Bb2 a5 9. bxa5 Nc6 10. Nbd2 Nxa5 11. cxd5 Qxd5 12. Be2 b5 13. Rb1 Ba6 14. O-O Rfd8 15. Bxf6 Bxf6 16. a4 Nc4 17. axb5 Nxd2 18. Nxd2 1/2-1/2

[Event "Reykjavik Open"]
[Site "Reykjavik ISL"]
[Date "1993.??.??"]
[Round "8"]
[White "Stangl, Markus"]
[Black "Kristensen, Bjarke"]
[Result "1-0"]
[WhiteElo "2505"]
[BlackElo "2445"]
[PlyCount "99"]
[EventDate "1993.??.??"]
[Source "www.chesslib.no"]
[SourceDate "2004.05.04"]

1. Nf3 d5 2. d4 c5 3. c4 cxd4 4. Qxd4 Nf6 5. cxd5 Qxd5 6. Nc3 Qxd4 7. Nxd4 a6 8. Bg5 e5 9. Nc2 Be7 10. g3 Nc6 11. Bg2 Be6 12. Ne3 h6 13. Bxf6 Bxf6 14. Ned5 Bd8 15. O-O O-O 16. Rfd1 Rb8 17. e3 Ne7 18. Rac1 Nxd5 19. Bxd5 Bg4 20. f3 Bf5 21. g4 Bd7 22. Ne4 b5 23. Bb3 Bb6 24. Kf2 Rbc8 25. Rxc8 Bxc8 26. Nd6 a5 27. Nxb5 e4 28. Nd6 exf3 29. Kxf3 Be6 30. Bxe6 fxe6+ 31. Ke2 Bc7 32. h3 Bxd6 33. Rxd6 Rb8 34. Rd2 Kf7 35. Kd3 Kf6 36. Kc3 Rc8+ 37. Kb3 Rc5 38. Ka4 Re5 39. Rf2+ Kg5 40. Rf3 Rd5 41. a3 g6 42. b4 axb4 43. axb4 e5 44. b5 e4 45. Rf4 Re5 46. b6 Re7 47. Ka5 Kh4 48. g5+ Kxh3 49. gxh6 g5 50. Rf6 1-0

[Event "It (cat.8)"]
[Site "It (cat.8)"]
[Date "1986.??.??"]
[Round "6"]
[White "Ardiansyah, Haji"]
[Black "Marjanovic, Slavoljub"]
[Result "0-1"]
[WhiteElo "2430"]
[BlackElo "2515"]
[PlyCount "56"]
[EventDate "1986.??.??"]
[Source "www.chesslib.no"]
[SourceDate "2004.05.04"]

1. d4 d5 2. Nf3 c5 3. dxc5 e6 4. c4 Bxc5 5. cxd5 exd5 6. e3 Nf6 7. Be2 O-O 8. O-O Qe7 9. a3 Rd8 10. b4 Bb6 11. Bb2 Nc6 12. b5 Na5 13. Bd4 Ne4 14. Bxb6 axb6 15. Nd4 Rd6 16. Bg4 Rg6 17. Bxc8 Rxc8 18. Nd2 Nc4 19. Nxe4 dxe4 20. Rc1 Rc5 21. g3 h5 22. Kh1 Qd7 23. Qa4 Nd2 24. Rg1 Rf6 25. Kg2 h4 26. h3 hxg3 27. fxg3 Nf3 28. Rgf1 Qxh3+ 0-1

[Event "Spain op"]
[Site "?"]
[Date "1997.??.??"]
[Round "?"]
[White "Pomes Marcet Juan"]
[Black "Cifuentes Parada Roberto"]
[Result "0-1"]
[WhiteElo "2425"]
[BlackElo "2515"]
[PlyCount "80"]
[EventDate "1997.??.??"]
[Source "www.chesslib.no"]
[SourceDate "2004.05.04"]

1. d4 d5 2. Nf3 c5 3. dxc5 e6 4. c4 Bxc5 5. e3 Nf6 6. Nc3 O-O 7. cxd5 exd5 8. Be2 Nc6 9. O-O a6 10. b3 Qd6 11. Bb2 Ba7 12. Rc1 Re8 13. Rc2 Bg4 14. Rd2 Rad8 15. Nd4 Bb8 16. g3 Bh3 17. Re1 Nxd4 18. exd4 Ne4 19. Nxe4 dxe4 20. Bg4 Bxg4 21. Qxg4 Qd5 22. Rc2 Bd6 23. Bc1 h5 24. Qg5 Qxg5 25. Bxg5 f6 26. Be3 Kf7 27. Rc4 Rd7 28. a4 g5 29. Kg2 Kg6 30. Bc1 f5 31. h3 f4 32. d5 Rde7 33. Bb2 e3 34. f3 fxg3 35. h4 g4 36. fxg4 Rf8 37. Rc2 Rf2+ 38. Rxf2 gxf2 39. gxh5+ Kxh5 40. Rh1 e2 0-1

[Event "6th Republica Argentina- Mercosur Cup"]
[Site "Vicente Lopez"]
[Date "2003.08.03"]
[Round "11"]
[White "Slipak, Sergio"]
[Black "Roselli Mailhe, Bernardo"]
[Result "1/2-1/2"]
[WhiteElo "2497"]
[BlackElo "2440"]
[PlyCount "32"]
[EventDate "2003.07.24"]
[Source "Roberto Alvarez"]
[SourceDate "2003.07.21"]

1. Nf3 d5 2. d4 c5 3. dxc5 Nf6 4. e3 e6 5. a3 Bxc5 6. c4 dxc4 7. Qxd8+ Kxd8 8. Bxc4 Nc6 9. Ke2 Ke7 10. b4 Bb6 11. Bb2 Bd7 12. Nc3 Rac8 13. Bb3 Rhd8 14. Rhd1 Be8 15. Rxd8 Rxd8 16. Rd1 Rxd1 1/2-1/2

[Event "Petrov mem"]
[Site "?"]
[Date "1998.02.09"]
[Round "3"]
[White "Skatchkov Pavel"]
[Black "Bezgodov Alexei"]
[Result "0-1"]
[WhiteElo "2415"]
[BlackElo "2520"]
[PlyCount "92"]
[EventDate "1998.??.??"]
[Source "www.chesslib.no"]
[SourceDate "2004.05.04"]

1. Nf3 d5 2. d4 c5 3. Bf4 cxd4 4. Bxb8 Qa5+ 5. c3 Rxb8 6. Qxd4 Nf6 7. Nbd2 e6 8. e3 Qc5 9. Qh4 Bd6 10. Bd3 O-O 11. O-O Be7 12. Qf4 Qd6 13. Qd4 Nd7 14. e4 dxe4 15. Qxe4 Nf6 16. Qe2 Qf4 17. Rad1 Rd8 18. Nc4 Bd7 19. Nce5 Ba4 20. b3 Be8 21. Bb5 Qe4 22. Qxe4 Nxe4 23. Rxd8 Rxd8 24. Bxe8 Rxe8 25. Rc1 Rd8 26. Kf1 f6 27. Nc4 Bc5 28. Rc2 b5 29. Ne3 Rd3 30. Nd4 Rxc3 31. Nxb5 Rxc2 32. Nxc2 Bxf2 33. Nb4 Bb6 34. Nc6 a6 35. Na3 Kf7 36. Nc4 Bc7 37. b4 Bxh2 38. a4 Ke8 39. Ke2 Kd7 40. Nd4 Nc3+ 41. Kf2 Bb8 42. a5 Nd5 43. b5 e5 44. Nc6 Bd6 45. Nxd6 Kxd6 46. Na7 axb5 0-1

[Event "HUN Ch"]
[Site "HUN"]
[Date "1986.??.??"]
[Round "?"]
[White "Farago, Ivan"]
[Black "Karolyi, Tibor jr"]
[Result "1-0"]
[WhiteElo "2520"]
[BlackElo "2410"]
[PlyCount "41"]
[EventDate "1986.04.??"]
[Source "www.chesslib.no"]
[SourceDate "2004.05.04"]

1. d4 d5 2. Nf3 c5 3. dxc5 Qa5+ 4. Nbd2 Nf6 5. a3 Qxc5 6. b4 Qc3 7. Ra2 Bf5 8. e3 Nbd7 9. Bb2 Qc7 10. c4 dxc4 11. Bxc4 a6 12. O-O e6 13. Qe2 b5 14. Bb3 Qb7 15. Rfa1 Nb6 16. Bxf6 gxf6 17. Nd4 Be4 18. Nxe4 Qxe4 19. Nxb5 Qc6 20. Nd4 Qb7 21. Qh5 1-0

[Event "SLO-Cup"]
[Site "?"]
[Date "1997.??.??"]
[Round "?"]
[White "Basagic Zlatko"]
[Black "Sermek Drazen"]
[Result "1/2-1/2"]
[WhiteElo "2350"]
[BlackElo "2575"]
[PlyCount "75"]
[EventDate "1997.??.??"]
[Source "www.chesslib.no"]
[SourceDate "2004.05.04"]

1. d4 d5 2. Nf3 c5 3. dxc5 e6 4. c4 Bxc5 5. e3 Nf6 6. a3 a5 7. b3 O-O 8. Bb2 Nc6 9. Nc3 Qe7 10. cxd5 Rd8 11. Be2 exd5 12. Nb5 Ne4 13. O-O Bf5 14. Nfd4 Bg6 15. Nxc6 bxc6 16. Nd4 Rdc8 17. Bg4 Rc7 18. b4 Bb6 19. b5 cxb5 20. Nxb5 Rb7 21. a4 Rd8 22. Bd4 Bc5 23. Ra2 Bb4 24. Qa1 f5 25. Be2 Nd2 26. Rd1 Nb3 27. Qb2 Nxd4 28. Qxd4 Bc5 29. Qf4 Qe4 30. Qxe4 fxe4 31. Rc2 Bb4 32. Bg4 Bf7 33. g3 g6 34. Rc7 Rxc7 35. Nxc7 Rd6 36. Rc1 h5 37. Bh3 Kg7 38. Nb5 1/2-1/2

[Event "Belgrade"]
[Site "?"]
[Date "2006.11.23"]
[Round "2"]
[White "Abramovic Bosko"]
[Black "Kizov Atanas"]
[Result "0-1"]
[WhiteElo "2524"]
[BlackElo "2390"]
[PlyCount "54"]
[EventDate "2006.??.??"]
[Source "www.chesslib.no"]
[SourceDate "2004.05.04"]

1. d4 d5 2. Nf3 c5 3. dxc5 e6 4. e4 Bxc5 5. exd5 exd5 6. Bb5+ Nc6 7. O-O Nge7 8. Nbd2 O-O 9. Nb3 Bd6 10. Re1 h6 11. c3 Bg4 12. Be2 Rc8 13. Be3 Re8 14. Bc5 Bxc5 15. Nxc5 Qb6 16. Nb3 a5 17. Qd2 Bxf3 18. Bxf3 a4 19. Nd4 Nxd4 20. cxd4 Nc6 21. Bxd5 Nxd4 22. Rad1 Rxe1+ 23. Qxe1 Ne6 24. h3 Nf4 25. Be4 Qxb2 26. Qd2 Qxd2 27. Rxd2 b5 0-1

[Event "London Peace"]
[Site "London ENG"]
[Date "1987.??.??"]
[Round "?"]
[White "Lodhi, Mahmood"]
[Black "Dlugy, Maxim"]
[Result "0-1"]
[WhiteElo "2365"]
[BlackElo "2545"]
[PlyCount "54"]
[EventDate "1987.09.??"]
[Source "www.chesslib.no"]
[SourceDate "2004.05.04"]

1. d4 d5 2. Nf3 c5 3. dxc5 e6 4. c4 Bxc5 5. cxd5 exd5 6. g3 Nf6 7. Bg2 O-O 8. O-O Nc6 9. Nbd2 Bb6 10. Nb3 Re8 11. e3 Bg4 12. h3 Bh5 13. g4 Bg6 14. Nbd4 Rc8 15. Nxc6 bxc6 16. b3 h5 17. Nh4 hxg4 18. hxg4 Qd6 19. Nxg6 fxg6 20. Bb2 Bc7 21. Re1 Qh2+ 22. Kf1 Ne4 23. Bxe4 Rxe4 24. Qf3 Rf8 25. Qg2 Qh4 26. Ke2 Rxg4 27. Qf1 Bg3 0-1

[Event "DDR Ch 36th"]
[Site "Glauchau"]
[Date "1987.??.??"]
[Round "12"]
[White "Hesse, Peter"]
[Black "Boensch, Uwe"]
[Result "1/2-1/2"]
[WhiteElo "2375"]
[BlackElo "2535"]
[PlyCount "153"]
[EventDate "1987.02.05"]
[Source "www.chesslib.no"]
[SourceDate "2004.05.04"]

1. d4 d5 2. Nf3 c5 3. c3 Nf6 4. Bf4 Nc6 5. e3 Qb6 6. Qc1 Bf5 7. Nbd2 Rc8 8. Nh4 Bd7 9. Nb3 cxd4 10. exd4 e6 11. Qd1 Na5 12. Nxa5 Qxa5 13. Bd3 Bb5 14. O-O Be7 15. Nf3 Bxd3 16. Qxd3 O-O 17. Bg5 Rfe8 18. Bxf6 Bxf6 19. a3 Rc6 20. Rae1 Qb6 21. Re2 Rec8 22. Rfe1 a5 23. g3 Qb3 24. Kg2 b5 25. Ra1 h6 26. Ne5 R6c7 27. Qe3 Be7 28. h4 Bd6 29. Nd3 Rb8 30. Qf3 b4 31. axb4 axb4 32. cxb4 Bxb4 33. Qf4 Rbc8 34. Ne5 Bd6 35. Qg4 Qb4 36. Nf3 Qb6 37. Rd1 Be7 38. Rdd2 Bf6 39. h5 Rc4 40. Ne5 Bxe5 41. Rxe5 Rb4 42. Re3 Rcc4 43. Ra3 Rxd4 44. Rxd4 Rxd4 45. Ra8+ Kh7 46. Qe2 Qb7 47. Re8 Qc6 48. Rf8 Re4 49. Qd3 f5 50. Qc3 Rc4 51. Qf3 Rc1 52. g4 Qc4 53. gxf5 Qf1+ 54. Kh2 Qe1 55. fxe6 Qe5+ 56. Kh3 Qxe6+ 57. Qf5+ Qxf5+ 58. Rxf5 d4 59. b4 Rb1 60. b5 Rb3+ 61. Kg2 d3 62. Rd5 d2 63. Rxd2 Rxb5 64. Rd4 Rxh5 65. Ra4 Rg5+ 66. Kf3 Rg1 67. Ra6 h5 68. Rb6 g6 69. Ra6 Kh6 70. Ra5 h4 71. Ra8 g5 72. Rh8+ Kg6 73. Ke3 Kf5 74. f3 Rg2 75. Rf8+ Kg6 76. Rh8 Rh2 77. f4 1/2-1/2

[Event "Open, Lisbon POR"]
[Site "?"]
[Date "2001.??.??"]
[Round "2"]
[White "Sulava, N."]
[Black "Afek, Y."]
[Result "1-0"]
[WhiteElo "2530"]
[BlackElo "2380"]
[PlyCount "151"]
[EventDate "2001.??.??"]
[Source "www.chesslib.no"]
[SourceDate "2004.05.04"]

1. d4 d5 2. Nf3 c5 3. dxc5 e6 4. Be3 Nf6 5. c4 Qa5+ 6. Bd2 Qxc5 7. cxd5 exd5 8. Nc3 Nc6 9. Rc1 d4 10. Ne4 Qf5 11. Ng3 Qd5 12. e4 dxe3 13. fxe3 Bd6 14. Bc4 Bxg3+ 15. hxg3 Qd6 16. O-O O-O 17. Qb3 Qxg3 18. Bc3 Bh3 19. Qc2 Ng4 20. Be1 Qxg2+ 21. Qxg2 Bxg2 22. Kxg2 Nxe3+ 23. Kf2 Nxf1 24. Bxf1 Rfe8 25. Bc3 Rac8 26. Bc4 a6 27. Rg1 g6 28. Ng5 Ne5 29. Bd5 Rc5 30. Ne4 Nd3+ 31. Kf3 Rxc3 32. bxc3 Re7 33. c4 Kg7 34. Rb1 Ne5+ 35. Kf4 Nd3+ 36. Ke3 Ne5 37. Kd4 Nf3+ 38. Kc3 f5 39. Nc5 Re3+ 40. Nd3 b5 41. cxb5 Ne5 42. Kd4 Rxd3+ 43. Kxe5 axb5 44. Rxb5 Re3+ 45. Kd4 Rh3 46. Ke5 Ra3 47. Rb7+ Kh6 48. Kf6 Ra6+ 49. Be6 Ra8 50. Rb2 Rf8+ 51. Bf7 Kh5 52. Kg7 Ra8 53. Kxh7 f4 54. Bxg6+ Kg4 55. Bd3 f3 56. Kg6 Rd8 57. Bb5 Kg3 58. a4 f2 59. Rb1 Rd2 60. Kf5 Ra2 61. Ke4 Ra3 62. Kd4 Kg2 63. Bc6+ Kg3 64. Rf1 Ra2 65. Kd3 Ra3+ 66. Kd2 Ra2+ 67. Kc3 Re2 68. Bb5 Re3+ 69. Kd2 Ra3 70. Rc1 Kg2 71. Bc6+ Kg3 72. Ke2 Ra2+ 73. Kf1 Ra3 74. Rd1 Ra2 75. Rd3+ Kg4 76. Re3 1-0

[Event "Groningen op"]
[Site "Groningen"]
[Date "1995.??.??"]
[Round "?"]
[White "Schebler, Gerhard"]
[Black "Sermek, Drazen"]
[Result "1/2-1/2"]
[WhiteElo "2415"]
[BlackElo "2490"]
[PlyCount "46"]
[EventDate "1995.12.??"]
[Source "ChessBase"]

1. d4 d5 2. Nf3 c5 3. g3 cxd4 4. Bg2 Qa5+ 5. Kf1 Nf6 6. Nxd4 e6 7. Nb3 Qc7 8. Bf4 Bd6 9. Bxd6 Qxd6 10. c4 O-O 11. Nc3 Rd8 12. cxd5 exd5 13. e3 Nc6 14. h3 Bf5 15. Nd4 Be4 16. Nxc6 Bxg2+ 17. Kxg2 bxc6 18. Qf3 Rab8 19. b3 c5 20. Rhd1 Qe5 21. Rac1 d4 22. exd4 cxd4 23. Na4 Rb5 1/2-1/2

[Event "Fencible Masters"]
[Site "Fencible"]
[Date "1997.??.??"]
[Round "6"]
[White "Small, Vernon A"]
[Black "Sermek, Drazen"]
[Result "1/2-1/2"]
[WhiteElo "2330"]
[BlackElo "2575"]
[PlyCount "81"]
[EventDate "1997.??.??"]
[Source "www.chesslib.no"]
[SourceDate "2004.05.04"]

1. d4 d5 2. Nf3 c5 3. dxc5 e6 4. c4 Bxc5 5. Nc3 Nf6 6. e3 O-O 7. a3 a5 8. Be2 Nc6 9. O-O Qd6 10. Qc2 Rd8 11. Rd1 Qe7 12. h3 h6 13. Rb1 Rb8 14. Bd2 dxc4 15. Bxc4 e5 16. Be1 e4 17. Rxd8+ Nxd8 18. Nd2 Bf5 19. Nd5 Nxd5 20. Bxd5 Rc8 21. Bxe4 Bxa3 22. Qd3 Bxe4 23. Nxe4 Bb4 24. Bxb4 Qxb4 25. Nd6 Rc6 26. Nf5 Ne6 27. Rd1 Rc8 28. Qe2 a4 29. Nd4 Qc4 30. Kf1 Nxd4 31. Qxc4 Rxc4 32. Rxd4 Rc1+ 33. Ke2 Rb1 34. Rb4 g5 35. g4 Kg7 36. Kd3 h5 37. gxh5 Kh6 38. f4 gxf4 39. exf4 Kxh5 40. Kc2 Rf1 41. Rxa4 1/2-1/2

[Event "Groningen Festival (Women)"]
[Site "Groningen"]
[Date "1998.12.27"]
[Round "7"]
[White "Stefanova, Antoaneta"]
[Black "Peng, Zhaoqin"]
[Result "1/2-1/2"]
[WhiteElo "2475"]
[BlackElo "2425"]
[PlyCount "126"]
[EventDate "1998.12.20"]
[Source "ChessBase"]
[SourceDate "1999.04.01"]

1. d4 d5 2. Nf3 c5 3. dxc5 e6 4. e4 Bxc5 5. exd5 exd5 6. Bb5+ Nc6 7. O-O Nge7 8. a3 O-O 9. b4 Bb6 10. Bb2 Bg4 11. Be2 Rc8 12. Qd2 f6 13. Nc3 a6 14. Rad1 Be6 15. Rfe1 Bf7 16. Bf1 Re8 17. Ne2 Ng6 18. Nf4 Nge5 19. Nxe5 Nxe5 20. h3 Nc4 21. Rxe8+ Qxe8 22. Bxc4 dxc4 23. Qc3 Qe4 24. Bc1 Re8 25. h4 Bc7 26. f3 Qf5 27. g4 Qc8 28. Be3 b5 29. Kf2 Qb8 30. Ng2 Bg3+ 31. Kf1 Qb7 32. Bf4 Bxf4 33. Nxf4 Qc7 34. Qd4 c3 35. Kf2 g5 36. hxg5 fxg5 37. Ng2 Bc4 38. Re1 Rxe1 39. Nxe1 Bf7 40. Qf6 h6 41. Ng2 Kh7 42. f4 Qa7+ 43. Ne3 gxf4 44. Qxf4 Bg6 45. Kg3 Qd7 46. Qe5 Qg7 47. Qd6 h5 48. Nd5 Qa7 49. Nf6+ Kg7 50. Nxh5+ Bxh5 51. Qe5+ Kf8 52. gxh5 Qg1+ 53. Kh3 Qf1+ 54. Kg3 Qg1+ 55. Kf3 Qf1+ 56. Kg4 Qg2+ 57. Kh4 Qxc2 58. h6 Qf2+ 59. Kh5 Qf3+ 60. Kh4 Qf2+ 61. Kg4 Qg2+ 62. Kf5 Qf3+ 63. Kg5 Qg2+ 1/2-1/2

[Event "BL 9899 (Women)"]
[Site "Germany"]
[Date "1999.03.28"]
[Round "11.1"]
[White "Socko, Monika"]
[Black "Peng, Zhaoqin"]
[Result "1/2-1/2"]
[WhiteElo "2440"]
[BlackElo "2459"]
[PlyCount "95"]
[EventDate "1998.10.??"]
[Source "ChessBase"]
[SourceDate "1999.07.01"]

1. d4 d5 2. Nf3 c5 3. e3 Nc6 4. a3 cxd4 5. exd4 Bg4 6. Be2 e6 7. O-O Bd6 8. c3 Qc7 9. Nbd2 Nf6 10. Re1 O-O 11. h3 Bf5 12. Nf1 h6 13. Ne3 Be4 14. Bd3 Rfd8 15. Ng4 Nxg4 16. hxg4 Bxd3 17. Qxd3 e5 18. dxe5 Nxe5 19. Nxe5 Bxe5 20. Qf5 Re8 21. Be3 Re6 22. Rad1 Rd8 23. Kh1 Qe7 24. Qf3 Bc7 25. Rxd5 Rxd5 26. Qxd5 Bb6 27. Qf3 Rf6 28. Qg3 Bc7 29. Qh3 Qe4 30. g5 Re6 31. Qf3 Qxf3 32. gxf3 hxg5 33. Rd1 Bb6 34. Bxb6 Rxb6 35. b4 Rc6 36. Rd8+ Kh7 37. Rd7 b5 38. Rxf7 Rxc3 39. Rxa7 Rxf3 40. Kg2 Rc3 41. f3 Kh6 42. Kg3 Rd3 43. Ra6+ Kh5 44. Ra5 g4 45. Rxb5+ g5 46. a4 Rxf3+ 47. Kg2 Ra3 48. a5 1/2-1/2

[Event "It"]
[Site "?"]
[Date "1998.09.13"]
[Round "8"]
[White "Zilberman Yaacov"]
[Black "Afek Yochanan K"]
[Result "1-0"]
[WhiteElo "2520"]
[BlackElo "2375"]
[PlyCount "115"]
[EventDate "1998.??.??"]
[Source "www.chesslib.no"]
[SourceDate "2004.05.04"]

1. d4 d5 2. Nf3 c5 3. dxc5 e6 4. e4 Bxc5 5. exd5 exd5 6. Bb5+ Nc6 7. O-O Nge7 8. Nc3 O-O 9. Bg5 f6 10. Bf4 Be6 11. Na4 Bd6 12. Bxd6 Qxd6 13. Re1 Bf7 14. Nc3 d4 15. Ne2 Rad8 16. Nexd4 Nxd4 17. Qxd4 Qxd4 18. Nxd4 Rxd4 19. Rxe7 Rb4 20. Rxb7 Rxb2 21. c4 a5 22. a4 Rc2 23. Rc7 Rd8 24. h3 h5 25. Re1 h4 26. c5 Rdd2 27. Bc6 Bd5 28. Re8+ Kh7 29. Bxd5 Rxd5 30. Re4 Rcxc5 31. Rxh4+ Kg8 32. Ra7 Rh5 33. Rg4 Rhg5 34. Rxg5 Rxg5 35. Kh2 Rc5 36. f3 Kh7 37. g4 Kh6 38. Kg3 Kg6 39. Ra6 Rd5 40. Kh4 Kh7 41. Ra7 Rc5 42. Kg3 Rd5 43. h4 Rc5 44. Kf2 f5 45. g5 Rc4 46. h5 f4 47. Rxa5 Rc2+ 48. Kg1 g6 49. Ra7+ Kg8 50. hxg6 Rc5 51. Kf2 Rxg5 52. Rf7 Rxg6 53. Rxf4 Rb6 54. Ke3 Kg7 55. Kd3 Kg6 56. Kc4 Rb1 57. a5 Kg5 58. Rf8 1-0

[Event "Groningen Festival (Women)"]
[Site "Groningen"]
[Date "1998.12.23"]
[Round "4"]
[White "Socko, Monika"]
[Black "Peng, Zhaoqin"]
[Result "1-0"]
[WhiteElo "2470"]
[BlackElo "2425"]
[PlyCount "125"]
[EventDate "1998.12.20"]
[Source "ChessBase"]
[SourceDate "1999.04.01"]

1. Nf3 d5 2. d4 c5 3. g3 cxd4 4. Nxd4 e5 5. Nf3 Nf6 6. Bg2 Bb4+ 7. c3 Be7 8. Bg5 Nbd7 9. O-O O-O 10. a4 h6 11. Bc1 Nb6 12. a5 Nc4 13. Nbd2 Qc7 14. Nxc4 dxc4 15. Nd2 Rb8 16. Qc2 Be6 17. h3 Rfd8 18. Kh2 a6 19. Re1 Bc5 20. e3 Rd7 21. f4 exf4 22. exf4 Bf2 23. Re5 Rbd8 24. Nf3 Ba7 25. Be3 Bxe3 26. Rxe3 Rd3 27. Qf2 Bd5 28. Qe2 Bc6 29. Nd4 Bxg2 30. Kxg2 Rxe3 31. Qxe3 Re8 32. Qf2 Qd7 33. Rd1 Qa4 34. Qf3 Nd5 35. Rd2 Ne3+ 36. Kh2 Qa1 37. Re2 Qc1 38. h4 h5 39. Kh3 Kf8 40. f5 Re7 41. Ne6+ fxe6 42. fxe6+ Kg8 43. Rxe3 Qxb2 44. Qxh5 Qc1 45. Qf3 Qd2 46. Qe4 Qc1 47. Qf4 Qh1+ 48. Kg4 Qd5 49. Qf5 Qd1+ 50. Qf3 Qd6 51. Qe4 b5 52. axb6 Qxb6 53. Qa8+ Kh7 54. Qe4+ Kg8 55. h5 a5 56. Qa8+ Kh7 57. Re5 a4 58. Qe4+ Kg8 59. h6 gxh6 60. Kh5 Qf2 61. Kxh6 Qd2+ 62. Rg5+ Kf8 63. Qf3+ 1-0

[Event "Manila zt 3.2a"]
[Site "Manila"]
[Date "2001.04.25"]
[Round "2"]
[White "Juswanto, Denny"]
[Black "Garma, Chito"]
[Result "1-0"]
[WhiteElo "2487"]
[BlackElo "2400"]
[PlyCount "135"]
[EventDate "2001.04.24"]
[Source "ChessBase"]
[SourceDate "2001.07.05"]

1. d4 d5 2. Nf3 c5 3. c3 Nc6 4. g3 Bf5 5. dxc5 a5 6. Nd4 Bd7 7. Bg2 e6 8. Nxc6 Bxc6 9. Be3 Nf6 10. O-O h5 11. h3 h4 12. g4 Nd7 13. c4 dxc4 14. Bxc6 bxc6 15. Qa4 Qc8 16. Nd2 c3 17. bxc3 Nxc5 18. Qc4 Nd7 19. Bg5 Qa6 20. Rab1 Bc5 21. Qxa6 Rxa6 22. Ne4 Be7 23. Bxe7 Kxe7 24. Rb7 Rb6 25. Ra7 Rb5 26. c4 Re5 27. f3 f5 28. Rd1 Rd8 29. gxf5 exf5 30. Nc3 Ke8 31. Kf2 Nb6 32. Rxd8+ Kxd8 33. Rxg7 Nxc4 34. Rh7 Re3 35. Nb1 Re5 36. Rxh4 Ne3 37. Rd4+ Kc7 38. Nc3 Nc2 39. Rc4 Ne3 40. Ra4 Nc2 41. h4 Rc5 42. Nd1 Nb4 43. a3 Nd5 44. Ne3 Nb6 45. Rd4 a4 46. f4 Rc1 47. Rd1 Rc3 48. h5 Nd7 49. Rd3 Rc1 50. Nxf5 Rh1 51. Ng7 Nf6 52. Rd4 Rh2+ 53. Ke1 c5 54. Rxa4 Kb6 55. Kd2 Kb5 56. Ra8 Rh3 57. Nf5 Ne4+ 58. Kc2 Rxh5 59. Re8 Nf6 60. Re5 Rh3 61. Nd4+ Kc4 62. Nf3 Ng4 63. Re8 Nf6 64. Rd8 Nd5 65. Nd2+ Kd4 66. e4 Rxa3 67. Rxd5+ Ke3 68. Nc4+ 1-0

[Event "Aars get2net Cup GM"]
[Site "?"]
[Date "1999.10.22"]
[Round "7"]
[White "Kristensen Jorgen Juul"]
[Black "Bezgodov Alexei"]
[Result "0-1"]
[WhiteElo "2310"]
[BlackElo "2576"]
[PlyCount "82"]
[EventDate "1999.??.??"]
[Source "www.chesslib.no"]
[SourceDate "2004.05.04"]

1. d4 d5 2. Nf3 c5 3. e3 Nc6 4. b3 Bg4 5. Bb2 e6 6. Nbd2 Nf6 7. h3 Bh5 8. Be2 Bd6 9. O-O O-O 10. c4 Qe7 11. dxc5 Bxc5 12. Ne5 Bxe2 13. Qxe2 Rac8 14. Rfd1 Ba3 15. Ndf3 Nxe5 16. Nxe5 Rc7 17. cxd5 Nxd5 18. Rac1 Bxb2 19. Qxb2 Rfc8 20. Rxc7 Qxc7 21. Qd4 h6 22. e4 Nc3 23. Rd2 Nxe4 24. Rd3 Nc3 25. Kh1 Nd5 26. Rf3 Nf6 27. Ng4 Nxg4 28. Qxg4 Qe5 29. Qf4 Qxf4 30. Rxf4 Rc2 31. a4 Kf8 32. g3 e5 33. Rb4 b6 34. Kg2 Ke7 35. a5 Rc6 36. a6 Kd6 37. Rg4 g5 38. Ra4 Rc3 39. b4 Rb3 40. h4 gxh4 41. gxh4 b5 0-1